000 00351pam a2200133a 44500
008 230405s2018 xxu||||| |||| 00| 0 eng d
020 _a9789386310439
_cRs. 650/-
082 _a610.73
_bSON
100 _aSoni, Samta
245 _aNational Health Programmes and Policies
260 _aNew Delhi
_bCBS Pub.
_c2018
300 _a571 p.
906 _a003880
999 _c252111
_d252111